000 00866nam a22002537a 4500
005 20250423145023.0
008 250423b ||||| |||| 00| 0 eng d
020 _a9781032049342
020 _a97810320465
020 _a9781003195238
040 _aCO-BoUCM
_cDavid Moreno
_dDavid Moreno
041 _aeng
245 0 0 _aLandscape as heritage
_binternational critical perspectives
_cGiacomo Pettenati
250 _a1a.Ed
260 _aLondon, England
_bRoutledge
_c2023
300 _axvi, 312 Paginas
_bIlustraciones
504 _aIncluye referencias bibliográficas e índices
650 1 4 _aPatrimonio cultural
_97901
650 1 4 _aGestión del patrimonio
_9185394
650 1 4 _aIdentidad territorial
_9185395
700 1 _aPettenati, Giacomo
_eeditor
_9185396
942 _2DEWEY
_a6
_cLIBRO
_e1
_h712.01
_mP499l
_n0
999 _c325408
_d325408